000 00748nam a22002057a 4500
999 _c10373
_d10373
003 AR-CdUCM
008 190401b ||||| |||| 00| 0 spa d
040 _aMUNICIPALIDAD PROVINCIAL DEL CUSCO
_cBIBLIOTECA MUNICIPAL DEL CUSCO
082 _aEP / 808.81 /
_bG25
100 _aGarrido Malaver, Julio
_92596
245 _aLa tierra de los niños /
260 _aLima :
_bEditorial PTCM,
_c1946.
300 _a125 páginas ;
_bIlustraciones,
_c17 cm.
505 _aContenido: La intención de tus juguetes -- El mensaje de las mariposas -- El cuento de las campanillas -- El cuento del cartucho blanco...
650 _aLectura escolar
_927184
650 _aLiteratura peruana
_9169
650 _aSiglo XX
_98
942 _2ddc
_cLIBROS
945 _adavv